Online Catalogue and eLibrary

Triangulation Squared : (Record no. 4411)

MARC details
000 -LEADER
fixed length control field 00525nam a2200181Ia 4500
005 - DATE AND TIME OF LATEST TRANSACTION
control field 20250320065917.0
008 - FIXED-LENGTH DATA ELEMENTS--GENERAL INFORMATION
fixed length control field 240331s9999 xx 000 0 und d
020 ## - INTERNATIONAL STANDARD BOOK NUMBER
ISBN 9551040236
082 ## - DDC Classification
Item Number - Author Mark TRI
DDC Edition Number 6528
Class No. 362.5
245 #0 - TITLE STATEMENT
Title Triangulation Squared :
Remainder of title Assessing Impacts of the Poverty Impacts Monitoring Unit
260 ## - PUBLICATION, DISTRIBUTION, ETC.
Place of publication, distribution, etc. Colombo,
Name of publisher, distributor, etc. Centre for Poverty Analysis
Date of publication, distribution, etc. 2005
300 ## - PHYSICAL DESCRIPTION
Extent (e.g. Volumes, Pages etc.) 304 p., (Volume 3)
650 ## - SUBJECT ADDED ENTRY--TOPICAL TERM
Topical term or geographic name entry element Poverty
650 ## - SUBJECT ADDED ENTRY--TOPICAL TERM
Topical term or geographic name entry element Research
700 ## - ADDED ENTRY--PERSONAL NAME
Personal name Gunetilleke, N
Relator term (Role) Editor
700 ## - ADDED ENTRY--PERSONAL NAME
Personal name Jafferjee, A
Relator term (Role) Editor
942 ## - Koha item type (Biblio)
Koha item type Books in Stacks (Lending)
Holdings
Lost status Damaged status Collection code Home library Current library Shelving location Date acquired Full call number Accession Number Item type
    Lending WERC Library WERC Library Social Science Cupboard 03/31/2024 362.5 TRI 6528 Books in Stacks (Lending)

© WERC Library